| 000 | 01124cam a2200337 a 4500 | ||
|---|---|---|---|
| 001 | 4492040 | ||
| 003 | CEME | ||
| 005 | 20220428102112.0 | ||
| 008 | 971211s1999 nyua 001 0 eng | ||
| 010 | _a 97050343 | ||
| 020 | _a0028028333 (student ed.) | ||
| 020 | _a0028028384 (instructor's annotated ed.) | ||
| 038 | _aNUST | ||
| 040 |
_aDLC _cDLC _dDLC |
||
| 050 | 0 | 4 |
_aTK7816 _b.M25 1999 |
| 082 | 0 | 0 |
_a621.3815 MAL _221 |
| 100 | 1 |
_aMalvino, Albert Paul. _956026 |
|
| 245 | 1 | 0 |
_aElectronic Principles _cAlbert Paul Malvino. |
| 246 | 3 | 0 | _aElectronic principles |
| 250 | _a6th ed. | ||
| 260 |
_aNew York : _bGlencoe/McGraw-Hill, _cc1999. |
||
| 300 |
_axi, 1012 p. : _bcol. ill. ; _c27 cm. |
||
| 500 | _aRev. ed. of: Electronic principles. 5th ed. c1993. | ||
| 500 | _aIncludes index. | ||
| 563 | _aHB | ||
| 650 | 0 |
_aElectronics. _93267 |
|
| 700 | 1 |
_aMalvino, Albert Paul. _tElectronic principles. _956027 |
|
| 856 | 4 | 2 |
_3Publisher description _uhttp://www.loc.gov/catdir/description/mh031/97050343.html |
| 856 | 4 | 1 |
_3Table of contents _uhttp://www.loc.gov/catdir/toc/mh031/97050343.html |
| 942 |
_2ddc _cBK |
||
| 999 |
_c566581 _d566581 |
||